[Event "Rennes op 2nd"]
[Site "Rennes"]
[Date "2009.07.23"]
[Round "9"]
[White "Crahan, Alan"]
[Black "Tounsi, Toufik"]
[Result "1/2-1/2"]
[WhiteElo "1867"]
[BlackElo "1690"]
[PlyCount "151"]
[EventDate "2009.07.15"]
[EventType "swiss"]
[EventRounds "9"]
[EventCountry "FRA"]
[SourceTitle "EXT 2011"]
[Source "ChessBase"]
[SourceDate "2010.11.26"]
[SourceVersion "1"]
[SourceVersionDate "2010.11.26"]
[SourceQuality "1"]

1. Nf3 d5 2. c4 c6 3. d4 g6 4. Nc3 Nf6 5. Bg5 Bg7 6. e3 e6 7. Bd3 Nbd7 8. 0-0 a6 9. e4 h6 10. Bh4 dxe4 11. Nxe4 g5 12. Nd6+ Kf8 13. Bg3 Ne8 14. Re1 Qe7 15. Nf5 Qf6 16. Nxg7 Qxg7 17. Ne5 f5 18. Nxd7+ Bxd7 19. Be5 Nf6 20. Qb3 b5 21. Qb4+ Kf7 22. Qd6 Kg6 23. g4 Rad8 24. gxf5+ exf5 25. Qc5 Rhe8 26. Re3 Qf7 27. Rf3 g4 28. Rg3 Ne4 29. Bxe4 fxe4 30. Re1 Qf5 31. Rge3 Rf8 32. Bg3 Qxc5 33. dxc5 Bf5 34. Bd6 Rfe8 35. cxb5 axb5 36. Kg2 Ra8 37. a3 Ra4 38. b4 Rea8 39. Ra1 h5 40. Kg3 R4a7 41. Kf4 Re8 42. Rd1 Rf7 43. Kg3 Be6 44. Bf4 Bd5 45. Bd6 Re6 46. Ra1 Ref6 47. a4 Rf3+ 48. Rxf3 Rxf3+ 49. Kg2 e3 50. fxe3 Rxe3+ 51. Kg1 bxa4 52. Rxa4 Re2 53. b5 cxb5 54. Ra6 Kf5 55. c6 Rc2 56. c7 b4 57. Rb6 b3 58. Rb8 Be6 59. Rb5+ Ke4 60. Re5+ Kf3 61. Re1 Bc8 62. Be5 b2 63. Rf1+ Ke4 64. Bxb2 Rxb2 65. Rf8 Ba6 66. c8Q Bxc8 67. Rxc8 h4 68. Re8+ Kf5 69. Rf8+ Kg6 70. Rg8+ Kf5 71. Rf8+ Ke4 72. Re8+ Kd3 73. Rd8+ Kc2 74. Rd4 Rb1+ 75. Kf2 g3+ 76. hxg3 1/2-1/2

[Event "Rennes op 2nd"]
[Site "Rennes"]
[Date "2009.07.16"]
[Round "2"]
[White "Tounsi, Toufik"]
[Black "Heyman, Jacques"]
[Result "0-1"]
[WhiteElo "1690"]
[BlackElo "1855"]
[PlyCount "105"]
[EventDate "2009.07.15"]
[EventType "swiss"]
[EventRounds "9"]
[EventCountry "FRA"]
[SourceTitle "EXT 2011"]
[Source "ChessBase"]
[SourceDate "2010.11.26"]
[SourceVersion "1"]
[SourceVersionDate "2010.11.26"]
[SourceQuality "1"]

1. d4 d5 2. c4 c6 3. Nc3 Nf6 4. Nf3 dxc4 5. a4 Bf5 6. e3 e6 7. Bxc4 Bb4 8. 0-0 0-0 9. Bd3 Re8 10. Bxf5 exf5 11. Qd3 g6 12. b3 Qa5 13. Bb2 Nbd7 14. Na2 Bf8 15. Rad1 Nd5 16. Nc1 Rad8 17. Qc4 N5b6 18. Qc2 Nd5 19. Nd3 Qc7 20. Nfe5 Bd6 21. Rfe1 N7f6 22. h3 Ne4 23. f4 f6 24. Nc4 Bf8 25. Qe2 Nec3 26. Qf3 Nxd1 27. Qxd1 b5 28. Nd2 Rxe3 29. Rxe3 Nxe3 30. Qf3 Nd5 31. g4 Qe7 32. Nf1 Qe4 33. Kg2 Qxf3+ 34. Kxf3 fxg4+ 35. hxg4 bxa4 36. bxa4 Rb8 37. Ne3 Rb3 38. Ke4 h5 39. gxh5 Nxe3 40. Kxe3 gxh5 41. f5 Kf7 42. Ke2 Bd6 43. Bc1 h4 44. Bf4 Rxd3 45. Bxd6 Rxd4 46. Bc5 Rxa4 47. Kf3 a6 48. Bd6 Rc4 49. Kg2 Rc3 50. Bb4 h3+ 51. Kh2 Rb3 52. Bc5 a5 53. Bd6 0-1

[Event "FRA-chT2"]
[Site "France"]
[Date "2002.03.09"]
[Round "8"]
[White "Tounsi, Toufik"]
[Black "Guadalpi, Celine"]
[Result "0-1"]
[WhiteElo "1670"]
[BlackElo "1960"]
[PlyCount "96"]
[EventDate "2002.??.??"]
[EventType "team-tourn"]
[EventRounds "11"]
[EventCountry "FRA"]
[SourceTitle "EXT 2003"]
[Source "ChessBase"]
[SourceDate "2002.11.25"]
[SourceVersion "1"]
[SourceVersionDate "2002.11.25"]
[SourceQuality "1"]

1. e4 e6 2. d4 d5 3. Bd3 dxe4 4. Bxe4 Nf6 5. Bg5 Nbd7 6. Nf3 Be7 7. Bd3 c5 8. c3 Qa5 9. Nbd2 h6 10. Bf4 cxd4 11. Nxd4 e5 12. Nc4 Qd5 13. Ne3 Qc5 14. Nb3 Qc7 15. Bg3 0-0 16. Nf5 Nc5 17. Nxc5 Bxc5 18. 0-0 Bxf5 19. Bxf5 Rfe8 20. Qe2 Re7 21. a4 a5 22. Rab1 Bd6 23. Rfd1 Rd8 24. b4 axb4 25. cxb4 Ree8 26. h3 Qe7 27. b5 e4 28. a5 Bxg3 29. fxg3 Rxd1+ 30. Rxd1 Qc5+ 31. Kh2 Qxf5 32. a6 bxa6 33. bxa6 Ra8 34. Ra1 Qe5 35. Ra4 h5 36. Qc4 Qd6 37. Ra1 Qd3 38. Qc6 Qd5 39. Qb7 e3 40. Rc1 e2 41. Rc8+ Rxc8 42. Qxc8+ Kh7 43. Qc2+ Qe4 44. Qxe4+ Nxe4 45. a7 e1Q 46. a8Q Nf2 47. g4 h4 48. Qh8+ Kxh8 0-1